| 000 | 01563cam a22003734a 4500 | ||
|---|---|---|---|
| 001 | 14307401 | ||
| 003 | OSt | ||
| 005 | 20160105150003.0 | ||
| 008 | 060320s2006 nyua b 001 0 eng | ||
| 010 | _a 2006009440 | ||
| 020 | _a9781400098095 | ||
| 035 | _a(OCoLC)ocm65201286 | ||
| 035 | _a(OCoLC)65201286 | ||
| 040 |
_aDLC _cDLC _dBAKER _dC#P _dYDXCP _dOCLCQ _dBTCTA _dDLC |
||
| 042 | _apcc | ||
| 050 | 0 | 0 |
_aQP 376 _b.R436 2006 |
| 082 | 0 | 0 |
_aIB 612.82 _bR31 2006 |
| 100 | 1 |
_aRestak, Richard M., _d1942- |
|
| 245 | 1 | 4 |
_aThe naked brain : _bhow the emerging neurosociety is changing how we live, work, and love _cRichard Restak. |
| 250 | _a1st ed. | ||
| 260 |
_aNew York : _bHarmony Books, _cc2006. |
||
| 300 |
_axi, 255 p. : _c22 cm. |
||
| 504 | _aIncludes bibliographical references and index. | ||
| 562 | _efor circulation. 1 copy available in the collection | ||
| 650 | 0 |
_aBrain _vPopular works. |
|
| 856 | 4 | 1 |
_3Table of contents only _uhttp://www.loc.gov/catdir/toc/ecip0610/2006009440.html |
| 856 | 4 | 2 |
_3Contributor biographical information _uhttp://www.loc.gov/catdir/enhancements/fy0662/2006009440-b.html |
| 856 | 4 | 2 |
_3Publisher description _uhttp://www.loc.gov/catdir/enhancements/fy0662/2006009440-d.html |
| 856 | 4 | 1 |
_3Sample text _uhttp://www.loc.gov/catdir/enhancements/fy0624/2006009440-s.html |
| 906 |
_a7 _bcbc _corignew _d1 _eecip _f20 _gy-gencatlg |
||
| 942 |
_2lcc _cBK |
||
| 999 |
_c2189 _d2189 |
||